000 00613nam 22002293 4500
001 200242
010 _a972-45-0093-4
021 _aPT
_b50268/91
090 _a200242
100 _a20260128d u||y0pory50 ba
200 _aA Rosa e o Gládio
_ftexto e desenhos Albert Uderzo
210 _aLisboa
_cMeribérica/Liber
_dcop. 1991
215 _a48 p.
_cil. ; brochado
_d29 cm
225 _aAstérix
606 _aBD
607 _91586
_aDesenho Artístico
610 _aBanda desenhada
675 _a74
_vPT
_zpor
700 _aUderzo
_f1927-2020
_bAlbert
_9824
801 _aPT
_bBMMN
_gRPC
830 _cIsabel
990 _cLIVROS